Join Me in Death/ (Record no. 216485)

MARC details
000 -LEADER
fixed length control field 00532nam a22001937a 4500
005 - DATE AND TIME OF LATEST TRANSACTION
control field 20260603155603.0
010 ## - LCCN (DPL NO)
LC control number ENG-148727
020 ## - INTERNATIONAL STANDARD BOOK NUMBER
International Standard Book Number 9788119670741
Terms of availability 399.00
035 ## - SYSTEM CONTROL NUMBER
System control number EN-132259
037 ## - SOURCE OF ACQUISITION
Source of stock number/acquisition DBAD
082 ## - DEWEY DECIMAL CLASSIFICATION NUMBER
Classification number N
100 ## - MAIN ENTRY--PERSONAL NAME
Personal name Siddhant Shekhar
245 ## - TITLE STATEMENT
Title Join Me in Death/
Statement of responsibility, etc Siddhant Shekhar
250 ## - EDITION STATEMENT
Edition statement 1
260 ## - PUBLICATION, DISTRIBUTION, ETC. (IMPRINT)
Place of publication, distribution, etc New Delhi
Name of publisher, distributor, etc Vitasta Publishing
Date of publication, distribution, etc 2024
270 ## - ADDRESS
Address 2/15,Ansari Road,Daryaganj,
City New Delhi
Postal code 110002
Electronic mail address vitastapublishing.com
300 ## - PHYSICAL DESCRIPTION
Extent 246p.
Dimensions 21cm(pb)
942 ## - ADDED ENTRY ELEMENTS (KOHA)
Source of classification or shelving scheme Dewey Decimal Classification
Item type English Books
Classification part N
Call number suffix SID
Holdings
Withdrawn status Lost status Not for loan Collection code Home library Current library Date acquired Source of acquisition Cost, normal purchase price Full call number Barcode Copy number Cost, replacement price Koha item type
    Not For Loan Fiction D.B.Act.Division D.B.Act.Division 03/06/2026 Delivery of Books Act Division 399.00 N SID EN-132259 1 399.00 English Books

© Delhi Public Library
Hit Counter
free hit counter